[Event "Match 2019"]
[Site "Eskilstuna"]
[Date "2019.07.08"]
[Round "1.1"]
[White "McShane, Luke"]
[Black "Grandelius, Nils"]
[Result "1/2-1/2"]
[WhiteElo "2688"]
[BlackElo "2691"]
[Annotator "TA"]
[PlyCount "117"]
[EventDate "2019.07.06"]
[EventType "k.o."]
[EventCountry "SWE"]
[SourceTitle "playchess.com"]
[Source "ChessBase"]
[SourceQuality "1"]

{[%evp 24,117,52,0,42,39,53,23,39,0,10,8,2,11,20,25,34,37,34,39,22,41,42,58,151,142,129,129,204,129,128,128,128,122,148,146,169,141,162,159,142,119,123,79,75,77,105,115,107,116,117,113,154,161,182,172,166,154,135,67,73,0,0,0,0,0,0,0,8,8,8,8,8,0,0,0,0,0,0,0,0,0,0,0,0,0,0,0,0,0,0,0,0,0,0,0]} 1. e4 c5 2. Nf3 Nc6 3. d4 cxd4 4. Nxd4 Nf6 5. Nc3 d6 6. Bg5 e6 7. Qd2 a6 8. O-O-O Bd7 9. f4 Be7 10. Nf3 b5 11. Bxf6 gxf6 12. f5 Qb6 13. g3 (13. Kb1 $14) 13... O-O-O {B69: Sicilian: Richter-Rauzer: 7...a6 8 0-0-0 Bd7 9 f4 Be7 10 Nf3 b5 11 Bxf6} 14. Bh3 Kb8 15. fxe6 fxe6 {White has an edge.} 16. Rhf1 (16. Kb1 Na5 17. Nd4 b4 18. Nce2 e5 19. Bxd7 Rxd7 20. Nf5 Nc4 21. Qd5 Rc8 22. Rhf1 Bf8 23. Rf3 Rdc7 24. g4 Nxb2 25. Kxb2 Rxc2+ {0-1 (31) Mazur,S (2413)-Papp,G (2591) Slovakia 2019}) 16... Na5 $146 ({Predecessor:} 16... Bc8 17. Qe1 Qc5 18. Kb1 Qh5 19. Bg2 Qc5 20. Ne2 {½-½ (41) Joachim,S (2451)-Madl,I (2399) Germany 2011}) 17. Qf2 Qxf2 18. Rxf2 b4 19. Ne2 d5 20. exd5 Bc5 $1 {[%cal Rc5f2]} 21. Rff1 Bb5 22. Nfd4 $1 {[%cal Rd4b5]} Bxd4 $1 23. Rxd4 exd5 ({Black should play} 23... Bxe2 $14 24. Rxb4+ Nb7) 24. Rf2 Rhe8 25. Nf4 Nc4 (25... Re1+ $16 26. Rd1 Rxd1+ 27. Kxd1 Nc4) 26. b3 Re1+ 27. Rd1 Rxd1+ 28. Kxd1 Ne3+ 29. Kd2 d4 30. Nd3 Rd5 31. Nxb4 ({Much worse is} 31. Rxf6 $6 Rh5 $11) 31... Rh5 32. a4 Bxa4 33. bxa4 Rxh3 34. Rxf6 $16 {[%mdl 4096] Endgame KRN-KRN} Ng4 35. Rb6+ Kc8 36. Kd3 a5 37. Nd5 Nxh2 38. Kxd4 Rxg3 39. Kc5 Nf3 40. Rc6+ Kb8 41. c4 (41. Rf6 $16) 41... Rg6 $14 42. Rxg6 ({Better is} 42. Nf6 $16) 42... hxg6 $16 {KN-KN. The position is equal.} 43. Kd6 Nd2 44. c5 Ne4+ 45. Kc6 g5 46. Kb6 {[#] And now c6 would win.} Kc8 47. c6 Nd6 48. Ne3 Ne8 49. Ng4 Nd6 50. Ne5 Ne8 51. Ng4 Nd6 52. Nf6 Nf5 53. Kc5 Kc7 54. Nd5+ Kc8 55. Kb6 g4 56. Nc3 {Threatening Nb5.} g3 57. Ne2 g2 58. Ng1 Ne7 59. Kxa5 {Accuracy: White = 76%, Black = 76%.} 1/2-1/2

[Event "Match 2019"]
[Site "Eskilstuna"]
[Date "2019.07.09"]
[Round "2.1"]
[White "Grandelius, Nils"]
[Black "McShane, Luke"]
[Result "1/2-1/2"]
[WhiteElo "2691"]
[BlackElo "2688"]
[Annotator "TA"]
[PlyCount "100"]
[EventDate "2019.07.06"]
[EventType "k.o."]
[EventCountry "SWE"]
[SourceTitle "playchess.com"]
[Source "ChessBase"]
[SourceQuality "1"]

{[%evp 13,100,30,46,38,55,37,75,54,54,47,56,44,46,36,63,68,72,45,45,29,45,43,48,48,52,47,62,62,62,62,62,62,62,62,69,10,37,27,43,0,0,0,28,28,28,31,32,0,0,0,0,-32,-32,-30,-8,-36,-36,-79,-79,-79,-79,-79,-79,-79,-64,-64,-64,-64,-64,-64,-64,-64,-64,-64,-64,-64,-64,-64,-64,-64,-64,-65,-72,-80,-24,-24,-24,-31,0]} 1. d4 Nf6 2. c4 g6 3. Nc3 Bg7 4. e4 d6 5. h3 O-O 6. Be3 e5 7. d5 a5 8. g4 {E71: King's Indian: 4 e4 d6 5 h3} Na6 9. Nge2 Nd7 10. Qd2 {White is better.} Ndc5 11. Ng3 c6 12. Be2 cxd5 13. exd5 $146 (13. cxd5 a4 14. h4 Bd7 15. h5 Rc8 {0-1 (39) Caruana,F (2832)-Nakamura,H (2746) London 2018}) 13... f5 14. gxf5 $1 Bxf5 15. Nxf5 gxf5 16. O-O-O Kh8 17. Rhg1 f4 18. Bxc5 $1 Nxc5 19. Qc2 (19. Bd3 $5) 19... e4 20. Nxe4 Nxe4 21. Qxe4 Qf6 {[%csl Gg7][%cal Rf6b2] [#]} 22. Rd2 f3 23. Bd3 {[%csl Gd3][%cal Re4h7]} Qh6 24. Rgd1 (24. Qe1 $1 $14) 24... Qxh3 {Threatens to win with ...Rae8.} 25. Qe7 Qh6 26. Kb1 Rae8 27. Qc7 a4 (27... b6 $5) 28. a3 ({Don't go for} 28. Qxb7 $2 Rb8 $19) 28... Re1 {( -> ...Qxd2)} 29. Ka2 Qf4 30. Qb6 Re2 $36 {[%mdl 2048] Black has good play.} 31. Qb4 Rxd2 32. Qxd2 (32. Rxd2 {keeps more tension.} h5 33. Bf1 b6 34. Rd1 Bd4 35. Rxd4 Qxd4 36. Qxd6 Qf6 37. Qd7) 32... Qxd2 33. Rxd2 $11 {[%mdl 4096] Endgame KRB-KRB} h5 34. Rd1 Rf4 35. Re1 Bd4 36. Re4 {[#]} Rxe4 $1 37. Bxe4 $17 {KB-KB} h4 38. Bxf3 Kg7 39. Bg4 Bxf2 40. Bd7 $1 Kf6 41. Bxa4 h3 42. Bd1 $1 Ke5 {[%mdl 1024] Black has compensation.} 43. Bf3 Kd4 44. Kb3 Be1 45. Bg4 h2 46. Bf3 b6 47. Bh1 Kd3 48. Bg2 Bd2 ({Black should try} 48... Bh4 $17) 49. Bf1+ $1 $11 Kd4 50. Bg2 Be1 {Accuracy: White = 70%, Black = 71%.} 1/2-1/2

[Event "Match 2019"]
[Site "Eskilstuna"]
[Date "2019.07.10"]
[Round "3.1"]
[White "Grandelius, Nils"]
[Black "McShane, Luke"]
[Result "0-1"]
[WhiteElo "2691"]
[BlackElo "2688"]
[Annotator "TA"]
[PlyCount "129"]
[EventDate "2019.07.06"]
[EventType "k.o."]
[EventCountry "SWE"]
[SourceTitle "playchess.com"]
[Source "ChessBase"]
[SourceQuality "1"]

{[%evp 11,129,25,36,31,38,25,46,45,46,54,40,32,39,30,49,48,67,58,46,56,60,49,68,53,53,0,0,0,0,0,0,0,0,-42,-41,-43,-47,-45,-45,-51,-49,-55,-49,-83,-83,-83,-83,-83,-83,-75,-66,-65,-43,-57,-54,-64,-61,-77,-36,-129,-133,-116,-116,-154,-148,-141,-115,-168,-159,-217,-81,-77,-76,-101,-101,-101,-61,-54,0,-102,-45,-45,-45,-97,-91,-90,-83,-92,-83,-297,-305,-280,-279,-279,-280,-208,-116,-100,-114,-267,-263,-258,-243,-727,-295,-4134,-345,-29970,-29972,-29972,-29972,-29973,-29974,-29974,-29973,-29975,-29976,-29976,-29976,-29975]} 1. d4 Nf6 2. c4 g6 3. Nc3 Bg7 4. e4 d6 5. h3 O-O 6. Be3 Na6 7. g4 {E71: King's Indian: 4 e4 d6 5 h3} e5 8. d5 Nc5 9. f3 {White is slightly better.} c6 10. Qd2 cxd5 11. cxd5 Bd7 12. Nge2 h5 13. Nc1 {[#]} Rc8 $146 ({Predecessor:} 13... Nh7 14. Nd3 Nxd3+ 15. Bxd3 {½-½ (49) Santos Latasa,J (2572)-Demchenko,A (2679) Tegernsee 2018}) 14. Nb3 Nxb3 15. axb3 a6 16. Bd3 Nh7 17. O-O-O h4 18. Kb1 (18. Rdg1 $14) 18... Bf6 $11 19. f4 exf4 20. Bxf4 Re8 21. Rhf1 Be5 22. Qf2 {Black must now prevent Bxe5.} Qf6 23. Bd2 Qxf2 24. Rxf2 f6 25. Rdf1 Re7 26. Rf3 Kg7 27. Na4 Bxa4 28. bxa4 Ng5 29. Bxg5 fxg5 30. Rc1 Rce8 31. Rc2 Bf4 32. Rc4 Kf6 33. Kc2 Ke5 34. Be2 Rf8 35. Rb3 (35. a5 $15) 35... Bh2 $17 36. Rcb4 Rff7 37. Kd2 Bg1 38. Rc4 Bc5 39. a5 (39. Bf3 $17) 39... Rf2 $19 40. Rf3 (40. Rd3 $17) 40... Rf7 (40... Rxf3 $19 {is more deadly.} 41. Bxf3 Kf4) 41. Rxf7 Rxf7 $17 {[%mdl 4096] Endgame KRB-KRB} 42. b4 Bf2 43. Kd3 Be1 44. Ke3 Bf2+ 45. Kd3 {[#]} Re7 (45... Kf4 $1 $17) 46. Rc8 Be1 47. Rg8 (47. Rc4 $15) 47... Bxb4 48. Rxg6 Kf4 49. Rf6+ Kg3 50. Rf1 $2 (50. Bf1 $17 {was called for.}) 50... Kxh3 $19 51. Rf5 Kg2 (51... Bxa5 52. Rxg5 Kg3 53. Rh5 $19) 52. Rxg5 h3 {Hoping for ...h2.} ({Don't play} 52... Bxa5 53. e5 $19) 53. Rf5 h2 ({Better is} 53... Rc7 $19 54. Bf1+ Kg3) 54. Bf3+ $17 Kg1 {And now ...Rc7 would win.} 55. g5 $2 (55. e5 $17) 55... Rg7 $19 ({Not} 55... Bxa5 56. g6 $11) 56. e5 dxe5 ({Less strong is} 56... Bxa5 57. e6 $17) 57. Ke4 $2 (57. Be4 h1=Q 58. Bxh1 Kxh1 59. Ke4) 57... Bxa5 (57... Bd2 $142 {Threatens to win with ...Rc7.} 58. d6 h1=Q 59. Bxh1 Kxh1) 58. Kxe5 $2 (58. d6 h1=Q 59. Bxh1 Kxh1 60. Kxe5) 58... Bd8 $2 (58... Re7+ 59. Kd4 Bb6+ 60. Kc4 Re3) 59. d6 $2 {[#]} (59. Kf4 $19 h1=Q 60. Bxh1 Kxh1 61. Rf6) 59... Rxg5 {Black mates.} 60. Rxg5+ Bxg5 61. Bxb7 {KB-KB} a5 62. Kd4 Bd8 63. Kc4 h1=Q 64. Bxh1 Kxh1 65. Kd4 {Accuracy: White = 40%, Black = 63%.} 0-1

[Event "Match 2019"]
[Site "Eskilstuna"]
[Date "2019.07.10"]
[Round "3.1"]
[White "Grandelius, Nils"]
[Black "McShane, Luke"]
[Result "1/2-1/2"]
[WhiteElo "2691"]
[BlackElo "2688"]
[Annotator "TA"]
[PlyCount "88"]
[EventDate "2019.07.06"]
[EventType "k.o."]
[EventCountry "SWE"]
[SourceTitle "playchess.com"]
[Source "ChessBase"]
[SourceQuality "1"]

{[%evp 11,88,22,32,24,29,23,23,13,11,10,22,20,18,37,27,20,33,35,37,14,27,0,43,0,0,0,0,0,0,0,0,0,0,0,126,0,0,0,0,0,0,0,0,0,0,0,0,0,0,-3,0,-6,0,0,0,0,0,0,26,0,39,0,0,0,0,-3,-3,-10,-10,-10,-10,-10,-10,-10,0,0,0,0,0]} 1. d4 Nf6 2. c4 c6 3. Nc3 d5 4. e3 a6 5. Nf3 b5 6. b3 Bg4 7. a4 {[%cal Ra4b5] D15: Slav Defence: 4 Nc3 a6 and gambit lines after 4 Nc3 dxc4} (7. cxd5 cxd5 8. Bd3 e6 9. a4 b4 10. Ne2 Bxf3 11. gxf3 Be7 12. Bd2 O-O 13. Rc1 Qd7 14. Qc2 Bd6 {1-0 (28) Aronian,L (2805)-Laznicka,V (2647) Riadh 2017}) 7... bxc4 8. bxc4 Nbd7 9. Be2 {White has an edge.} e6 10. O-O Bd6 11. h3 Bh5 12. a5 $146 ({Predecessor:} 12. Ba3 Qc7 13. Bxd6 Qxd6 14. c5 Qc7 15. a5 O-O 16. Na4 e5 17. Nb6 Ra7 {1-0 (34) Duhayon,Y (2263)-Belis,R (2131) Tatranske Zruby 2006}) 12... O-O 13. Ba3 Bxa3 14. Rxa3 dxc4 15. Bxc4 c5 16. dxc5 Qc7 17. Be2 (17. Qd6 $5 {[%cal Rd6c7]} Rfc8 18. Be2 $11) 17... Nxc5 18. Qa1 Rab8 19. Na4 {[#] And now Rc1 would win.} Nb3 20. Qc3 Qxc3 21. Nxc3 Rfc8 {aiming for ...Bxf3.} 22. Na2 Nd2 (22... Bxf3 $11 23. gxf3 Rc2) 23. Rd1 (23. Bxa6 $16 Bxf3 24. Bxc8 Nxf1 25. gxf3) 23... Nc4 $11 24. Rc3 Bxf3 25. Bxf3 {With the idea Rdc1.} Nxa5 26. Rxc8+ Rxc8 27. Nb4 g5 28. Nxa6 h5 29. Nb4 Kg7 30. Nd3 Nb3 31. Ne5 Rc5 32. Nd7 Nxd7 33. Rxd7 {[%mdl 4096] Endgame KRB-KRN} Kg6 34. g3 Na5 35. Kg2 Nc4 36. Be2 Ne5 {The position is equal.} 37. Rd2 g4 38. hxg4 hxg4 39. Ra2 f5 40. Rb2 Kf6 41. Ra2 Rc3 42. Rb2 Nf7 43. e4 Ne5 44. exf5 exf5 {Accuracy: White = 60%, Black = 64%.} 1/2-1/2

[Event "Match 2019"]
[Site "Eskilstuna"]
[Date "2019.07.10"]
[Round "3.1"]
[White "McShane, Luke"]
[Black "Grandelius, Nils"]
[Result "0-1"]
[WhiteElo "2688"]
[BlackElo "2691"]
[Annotator "TA"]
[PlyCount "54"]
[EventDate "2019.07.06"]
[EventType "k.o."]
[EventCountry "SWE"]
[SourceTitle "playchess.com"]
[Source "ChessBase"]
[SourceQuality "1"]

{[%evp 20,54,48,36,29,16,13,0,35,10,15,0,189,0,38,-43,37,-92,0,-13,0,-20,0,-51,23,4,0,-75,-83,-369,-371,-379,-376,-375,-390,-5074,-742]} 1. e4 c5 2. Nf3 Nc6 3. d4 cxd4 4. Nxd4 Nf6 5. Nc3 d6 6. Bg5 e6 7. Qd2 a6 8. O-O-O Bd7 9. f3 Nxd4 10. Qxd4 Be7 11. h4 b5 {B67: Sicilian: Richter-Rauzer: 7...a6 8 0-0-0 Bd7, lines without 9 f4 Be7} 12. Kb1 Qc7 (12... Rb8 13. g4 b4 14. Ne2 h5 15. gxh5 Rxh5 16. Ng3 Rh8 17. e5 dxe5 18. Qxe5 Rc8 19. Bxa6 {1-0 (31) Robson,R (2667)-Demchenko,A (2679) chess.com INT 2019}) 13. g4 O-O {The position is equal.} 14. Qd2 {Black must now prevent e5!} b4 15. Ne2 {[#] Strongly threatening e5!} a5 $146 {[#]} (15... Rfc8 $11) ({Predecessor:} 15... Rfc8 16. Be3 d5 17. e5 Ne8 18. Nd4 Bc5 19. f4 {0-1 (42) Engineer (2446)-Cato the Younger (2504) playchess.com INT 2007}) 16. Be3 $2 (16. e5 $1 $18 {[%mdl 512]}) 16... Rfc8 17. h5 (17. g5 $14 Nh5 18. Bh3) 17... a4 (17... h6 $1 $15) 18. Nc1 (18. g5 $14) 18... d5 (18... h6 $1 $17 19. Nd3 b3 $1 {[%mdl 512]}) 19. g5 $11 Ne8 20. g6 Bf6 21. exd5 ({White should try} 21. Nd3 $11) 21... exd5 (21... fxg6 $6 22. hxg6 h6 23. Rh5 $11) (21... Nd6 $1 $15) 22. Bf4 Qb6 $1 {[#]} 23. Bd3 {[#]} (23. Bc4 $1 $11 {[%mdl 512]} dxc4 (23... Rxc4 24. Qxd5) 24. gxf7+ (24. Qxd7 Qe6 $14) 24... Kxf7 25. Qxd7+ Kg8 26. Qd5+ Kf8 27. h6) 23... b3 $1 $40 {[%cal Rb3a2][%mdl 640] ( -> ...bxa2+). Black attacks with force.} 24. cxb3 $2 {[%mdl 8192]} (24. gxf7+ $17 Kxf7 25. c3) (24. axb3 axb3) 24... axb3 $19 25. a3 {[#]} Rxa3 $3 {[%mdl 512]} 26. gxf7+ (26. bxa3 Rc2) 26... Kxf7 27. Bg6+ $2 (27. bxa3 Rc2 28. Bxh7 (28. Qe3 $2 {leads to mate.} Rb2+ 29. Ka1 Ra2+ {[%mdl 64] Double Attack} 30. Kb1 Ra1#) 28... Rxd2 29. Rxd2) 27... Kf8 {Accuracy: White = 11%, Black = 43%.} (27... hxg6 $142 28. Qxd5+ Be6 29. bxa3 Bxd5) 0-1

[Event "Match 2019"]
[Site "Eskilstuna"]
[Date "2019.07.10"]
[Round "3.1"]
[White "McShane, Luke"]
[Black "Grandelius, Nils"]
[Result "1/2-1/2"]
[WhiteElo "2688"]
[BlackElo "2691"]
[Annotator "TA"]
[PlyCount "90"]
[EventDate "2019.07.06"]
[EventType "k.o."]
[EventCountry "SWE"]
[SourceTitle "playchess.com"]
[Source "ChessBase"]
[SourceQuality "1"]

{[%evp 20,90,60,47,43,48,65,31,41,46,31,31,33,35,68,34,43,36,53,35,99,86,91,91,85,91,90,95,92,93,157,162,127,45,37,44,54,61,54,66,53,62,91,93,86,89,85,91,81,68,66,68,93,82,88,66,91,88,133,107,168,124,135,49,141,0,0,0,125,0,0,0,116]} 1. e4 c5 2. Nf3 e6 3. d4 cxd4 4. Nxd4 a6 5. c4 Nf6 6. Nc3 Qc7 7. a3 b6 8. Be3 Bb7 9. f3 d6 10. Be2 Be7 11. O-O O-O {B41: Sicilian: Kan Variation: 5 c4} 12. Rc1 Nbd7 13. Qd2 (13. b4 Rfc8 14. Qd2 Qd8 15. Rfd1 Rab8 16. Kh1 {½-½ (44) Xiong,J (2634)-Gordievsky,D (2622) Wijk aan Zee 2018}) 13... Rac8 {White is slightly better.} 14. b4 Qb8 15. Kh1 Rfe8 16. Rfd1 h5 17. Bg5 $146 ({Predecessor:} 17. Nb3 h4 18. Bf4 Ne5 19. Bxe5 dxe5 {0-1 (45) Neelotpal,D (2475)-Kunte,A (2515) Thiruvarur 2015}) 17... Ne5 18. Na4 Ba8 19. Qe3 h4 (19... Bc6 $14 20. Nxc6 Rxc6) 20. Bxh4 $16 Nfg4 21. fxg4 Bxh4 22. g5 Qb7 23. Nf3 Ng4 24. Qf4 {[%mdl 64] Double Attack} Nf2+ (24... Qxe4 $16 {is a better defense.} 25. Qxe4 Bxe4) 25. Kg1 $18 {Hoping for Rf1.} Nxd1 26. Rxd1 (26. Qxh4 $16 {And now g6 would win.} Qxe4 27. Qxe4 Bxe4 28. Bxd1) 26... Qxe4 $14 27. Qxe4 Bxe4 28. Nxh4 Bc2 {[%mdl 64] Double Attack} 29. Nxb6 Bxd1 30. Bxd1 Rc7 {Threatens to win with ...Rb8.} 31. Be2 $1 a5 32. b5 $1 ({Of course not} 32. bxa5 $6 Rc5 $11) 32... d5 33. Nf3 Rb8 {[#]} 34. Na4 $1 dxc4 {White must now prevent ...c3.} 35. Nc3 Rd8 36. Kf2 {[%mdl 1024] White has strong compensation.} Rc5 37. a4 Kf8 38. Ke3 Ke7 39. g4 Rd7 (39... f5 $16) 40. h4 f6 41. h5 (41. gxf6+ $16 gxf6 42. g5 fxg5 43. hxg5) 41... fxg5 {[#]} ({Black should play} 41... f5 $1 $14) 42. Ne4 ({Better is} 42. Nd4 $1 $16) 42... Rc8 (42... Rcc7 $11 {keeps the balance.} 43. Nc3 Rc5) 43. Nc3 $16 Rc5 $1 44. Ne4 Rc8 {aiming for ...c3.} 45. Nc3 Rc5 $1 {Accuracy: White = 68%, Black = 62%.} 1/2-1/2

[Event "Match 2019"]
[Site "Eskilstuna"]
[Date "2019.07.10"]
[Round "3.1"]
[White "McShane, Luke"]
[Black "Grandelius, Nils"]
[Result "1-0"]
[WhiteElo "2688"]
[BlackElo "2691"]
[Annotator "TA"]
[PlyCount "79"]
[EventDate "2019.07.06"]
[EventType "k.o."]
[EventCountry "SWE"]
[SourceTitle "playchess.com"]
[Source "ChessBase"]
[SourceQuality "1"]

{[%evp 19,79,4,26,10,3,12,22,20,11,12,8,10,7,13,50,55,47,48,72,32,78,80,91,90,90,90,90,90,93,92,93,90,91,91,97,97,111,90,87,83,71,70,124,147,217,212,280,274,264,199,271,210,287,284,638,641,601,630,598,492,491,484]} 1. e4 e5 2. Nf3 Nc6 3. Bb5 a6 4. Ba4 Nf6 5. O-O Be7 6. Re1 b5 7. Bb3 O-O 8. a4 b4 9. d4 d6 10. dxe5 Nxe5 11. Nxe5 {C88: Closed Ruy Lopez: Anti-Marshall Systems} dxe5 12. Qf3 a5 13. Nd2 {The position is equal.} Bc5 14. Nf1 Ng4 15. Ne3 Qh4 16. h3 {[%cal Re3g4] [#]} Nxe3 $146 (16... Nf6 {seems wilder.} 17. Nf5 Bxf5 18. Qxf5 g6 19. Qf3 Nh5) ({Predecessor:} 16... Nh6 17. Nc4 Ra6 18. Be3 Bxe3 19. Rxe3 Re8 20. Rd1 Ng4 21. Red3 Rf8 22. hxg4 Bxg4 23. Qg3 Qxg3 24. fxg3 Bxd1 25. Rxd1 {1-0 (25) Piorun,K (2640)-Fressinet,L (2657) Heraklio 2017}) 17. Bxe3 Bd6 18. Rad1 {[%cal Ba1d1,Bd1d3,Bd3d5][%mdl 32]} Bd7 19. Rd3 (19. Bc5 $5) 19... Rad8 20. Rd5 Bc6 21. Rxa5 Bxe4 22. Qg4 Qxg4 23. hxg4 Ra8 24. Rxa8 Rxa8 25. Ra1 Ra5 26. Bd2 Kf8 27. c3 c5 28. Bc4 h6 29. cxb4 cxb4 30. Bb5 Bc2 {[#]} ({Black should play} 30... Bd5 $14) 31. Be3 $1 $16 b3 {[#]} (31... Be4 $16 {keeps fighting.} 32. Bb6 Ra8) 32. Bb6 $1 $18 {[%cal Rb6a5]} Ra8 33. a5 {[%cal Ba4a5,Ba5a6][%mdl 32]} Be4 34. Bc4 Bb7 (34... Rb8 $142 35. f3 (35. Bxb3 Ke7 $18) 35... Bc6) 35. Bxb3 Rc8 36. a6 Rc6 $2 (36... Ba8) 37. Bd5 {White is clearly winning.} ({Weaker is} 37. axb7 Rxb6 38. Bd5 Rxb2 $16) 37... Rxb6 38. Bxb7 {a7 is the strong threat.} Bb8 {Black hopes to continue with ...Ba7.} 39. a7 Bxa7 40. Rxa7 {Accuracy: White = 77%, Black = 44%.} 1-0